| Tag |
First Indicator |
Second Indicator |
Subfields |
| LEADER |
00000cam a22000008a 4500 |
| 001 |
in00000098589 |
| 005 |
20150924085838.0 |
| 008 |
801219s1981 ctu br 00110 engm |
| 010 |
|
|
|a 80028654
|
| 020 |
|
|
|a 031322966X (lib. bdg.)
|
| 035 |
|
|
|a (OCoLC)07173046
|
| 035 |
|
|
|9 AAK9693AM
|
| 040 |
|
|
|a DLC
|c DLC
|d TXA
|d UtOrBLW
|
| 049 |
|
|
|a TXAF
|c [1673889]
|
| 050 |
0 |
0 |
|a Z7164 F5
|b D48 1981
|
| 082 |
0 |
|
|a 016.332
|2 19
|
| 100 |
1 |
|
|a Dicks, G. R.
|
| 245 |
1 |
0 |
|a Sources of world financial and banking information /
|c edited by G.R. Dicks.
|
| 263 |
|
|
|a 8103
|
| 264 |
|
1 |
|a Westport, Conn. :
|b Greenwood Press,
|c 1981.
|
| 300 |
|
|
|a xii, 720 pages ;
|c 31 cm.
|
| 336 |
|
|
|a text
|b txt
|2 rdacontent
|
| 337 |
|
|
|a unmediated
|b n
|2 rdamedia
|
| 338 |
|
|
|a volume
|b nc
|2 rdacarrier
|
| 500 |
|
|
|a Includes index.
|
| 650 |
|
0 |
|a Finance
|v Bibliography.
|
| 650 |
|
0 |
|a Banks and banking
|v Bibliography.
|
| 650 |
|
0 |
|a Finance
|x Information services
|x Directories.
|
| 650 |
|
0 |
|a Banks and banking
|x Information services
|x Directories.
|
| 999 |
|
|
|a MARS
|
| 999 |
f |
f |
|s fa1bf56e-3bf6-348c-a9dd-ebdf1d4e38a8
|i 1a1629e0-e5df-32c8-89d1-e4e6158d8867
|t 0
|
| 952 |
f |
f |
|p ric
|a Texas A&M University
|b Rellis Campus
|c Joint Library Facility
|d Remote Storage
|t 0
|e Z7164 F5 D48 1981
|h Library of Congress classification
|i unmediated -- volume
|m A14842716327
|
| 998 |
f |
f |
|a Z7164 F5 D48 1981
|t 0
|l Remote Storage
|